000 00915nam a2200277Ia 4500
005 20220316235635.0
008 121119s2001 sp gr 000 0 spa
020 _a8478842349
041 0 _aspa
082 0 4 _a303.4
_bM17c
100 1 _aMarchioni, Marco
245 1 0 _aComunidad y cambio social
_bteoría y praxis de la acción comunitaria
_ccoordinador, Marco Marchioni
250 _aPrimera edición
300 _a281 páginas
_c20 cm
490 0 _aPromoción Cultural N° 41
_vN° 41
650 1 4 _aDesarrollo de la comunidad
_2LEMB
650 1 4 _aInvestigación participativa
_2LEMB
650 1 4 _aParticipación comunitaria
_2LEMB
700 1 _aMarchioni, Marco
_ecoordinador
_939809
942 _2ddc
_cBK
264 _aMadrid
_bPopular
_c2001
336 _atexto
_btxt
_2rdacontent
337 _asin mediación
_bn
_2rdamedia
338 _avolumen
_bnc
_2rdacarrier
040 _aCO-BoRNBP
_bspa
_erda
_cCO-BoRNBP
999 _c1648
_d1648